Oferta pública d'ocupació 1994 / Diputació de Barcelona
Publicado:
[Barcelona] :
Diputació de Barcelona, Àrea de Règim Interior, Hisenda i Planificació, Servei de Planificació de Personal, [1994?]
Descripción Física:
102 p. ; 30 cm
MARC
| LEADER | 00000nam a2200000Ia 4500 | ||
|---|---|---|---|
| 001 | 15131 | ||
| 008 | 160829s9999 xx 000 0 cat d | ||
| 080 | |a M-4-287 | ||
| 110 | 1 | |a Barcelona (Catalunya : Província). |b Diputació |9 52408 | |
| 245 | |a Oferta pública d'ocupació 1994 / Diputació de Barcelona | ||
| 260 | |a [Barcelona] : |b Diputació de Barcelona, Àrea de Règim Interior, Hisenda i Planificació, Servei de Planificació de Personal, [1994?] | ||
| 300 | |a 102 p. ; |c 30 cm | ||
| 650 | |a Barcelona. Diputació |x Oferta pública d'ocupació |9 23007 | ||
| 710 | 1 | |a Barcelona (Catalunya : Província). |b Servei de Planificació de Personal |9 56171 | |
| 901 | |a Arxiu | ||
| 942 | |n 1 | ||
| 952 | |0 0 |1 0 |4 0 |6 M4287 |7 1 |9 42459 |a Arxiu |b Arxiu |d 2016-12-01 |l 0 |o M-4-287 |p 15131 |r 2016-12-01 00:00:00 |w 2016-12-01 |y ARXIU | ||
| 999 | |c 44964 |d 44964 | ||